000 00529nam a2200181Ia 4500
005 20250326143122.0
008 250326s9999 xx 000 0 und d
037 _aTextbook
040 _aFMSL
_beng
_cFMSL
041 _aeng
_2eng
084 _aX:9:Z2 M4
_qFMSL
100 _aSeth B R
_9298837
245 0 _aIndian labour laws:supervisor should know
_cSeth B R
260 _aNew Delhi
_bNew Delhi, All India Management Association
_c1984
300 _a224p
942 _cTB
_hX:9:Z2 M4
999 _c1298179
_d1298179